Countries with an Animal on its Flag - Statistics

General Stats
  • This quiz has been taken 28 times
  • The average score is 8 of 20
Answer Stats
Animal Country % Correct
Eagle, Snake Mexico
73%
Eagle Albania
68%
Lion Sri Lanka
55%
Raggina Bird-Of Paradise Papua New Guinea
50%
Parrot Dominica
45%
Cattle Andorra
41%
Condor Ecuador
41%
Eagle Egypt
41%
Quetzal Guatemala
41%
Frigate Bird Kiribati
41%
Lion Spain
41%
Dove, Lion Fiji
36%
Eagle Moldova
36%
Vicuña Peru
32%
Eagle Zambia
32%
Goat Croatia
27%
Eagle Kazakhstan
27%
Grey Crowned Crane Uganda
27%
Eagle, Lion Montenegro
18%
Eagle Serbia
14%
No matching quizzes found
Score Distribution
Percent of People with Each Score
Percentile by Number Answered
Your Score History
You have not taken this quiz